00374pab a2200121 454500008004000000100002000040245009200060260000900152300001000161362000900171650002400180773004800204180718b1990 xxu||||| |||| 00| 0 eng d aGerritsen, Rolf aInforming wilderness policybThe distributional implications of Wilderness conservation c1990 a51-62 aMar. aForests - Australia aAustralian Journal of Public Administration